Anitta - Ritmo Perfeito (Tracklist) - Statistics

Estatísticas Gerais
  • Esse quiz foi jogado 5 vezes
  • A pontuação média é 3 de 12
Estatísticas das Respostas
Ritmo Perfeito % Correto
2 Ritmo perfeito
100%
7 Blá blá blá
25%
10 Blá blá blá - Extended Remix
25%
4 Cobertor (feat. Projota)
25%
1 Na batida
25%
6 No meu talento
25%
12 No meu talento (feat. MC Guime)
25%
11 Zen (feat. Rasel)
25%
5 Mulher (feat. Projota)
0%
3 Musica de amor
0%
8 Quem sabe
0%
9 Vai e volta
0%
Nenhum quiz correspondente encontrado
Distribuição das Pontuações
Porcentagem de Pessoas com Cada Pontuação
Percentil de Números Respondidos
Sua Pontuação Histórica
Você não jogou esse quiz